Диффузионно-деформационная модель развития сферического зародыша продукта твердофазной реакции; Физика горения и взрыва; Т. 33, № 2

Bibliographic Details
Parent link:Физика горения и взрыва.— , 1965-
Т. 33, № 2.— 1997.— [С. 52-68]
Main Author: Князева А. Г. Анна Георгиевна
Other Authors: Донская Я. Г.
Summary:Заглавие с экрана
Предложена математическая модель роста сферического зародыша продукта твердофазной реакции, в которой учитывается взаимовлияние диффузионных и деформационных процессов. Исследованы критические условия роста зародыша, режимы развития реакции в нем. Проведена оценка параметров модели для различных веществ. Выявлена аналогия между этой задачей и задачей об очаговом тепловом воспламенении.
Language:Russian
Published: 1997
Subjects:
Online Access:http://www.sibran.ru/upload/iblock/287/287f98066e808a7a92bbc578bee58175.pdf
Format: MixedMaterials Electronic Book Chapter
KOHA link:https://koha.lib.tpu.ru/cgi-bin/koha/opac-detail.pl?biblionumber=638203

MARC

LEADER 00000naa0a2200000 4500
001 638203
005 20250129143134.0
035 |a (RuTPU)RU\TPU\network\2496 
090 |a 638203 
100 |a 20141222d1997 k||y0rusy50 ca 
101 0 |a rus 
102 |a RU 
135 |a drcn ---uucaa 
181 0 |a i  
182 0 |a b 
200 1 |a Диффузионно-деформационная модель развития сферического зародыша продукта твердофазной реакции  |f А. Г. Князева, Я. Г. Донская 
203 |a Текст  |c электронный 
300 |a Заглавие с экрана 
320 |a [Библиогр.: с. 67-68 (22 назв.)] 
330 |a Предложена математическая модель роста сферического зародыша продукта твердофазной реакции, в которой учитывается взаимовлияние диффузионных и деформационных процессов. Исследованы критические условия роста зародыша, режимы развития реакции в нем. Проведена оценка параметров модели для различных веществ. Выявлена аналогия между этой задачей и задачей об очаговом тепловом воспламенении. 
461 |t Физика горения и взрыва  |d 1965- 
463 |t Т. 33, № 2  |v [С. 52-68]  |d 1997 
610 1 |a электронный ресурс 
610 1 |a труды учёных ТПУ 
700 1 |a Князева  |b А. Г.  |c российский физик  |c профессор Томского политехнического университета, доктор физико-математических наук  |f 1962-  |g Анна Георгиевна  |3 (RuTPU)RU\TPU\pers\25578  |9 11508 
701 1 |a Донская  |b Я. Г. 
801 2 |a RU  |b 63413507  |c 20160517  |g RCR 
856 4 |u http://www.sibran.ru/upload/iblock/287/287f98066e808a7a92bbc578bee58175.pdf 
942 |c CF